00776nam a2200241Ia 4500008004100000020002500041100002200066245011200088260004000200300003400240500002000274650002100294650003300315650002900348650003300377650002500410655002200435740002500457773002500482003000100507005001700508040000900525  a9781292002606 (pbk.)1 aMuir, Alice Jane.10aPower up your confidenceh[electronic resource] :bhow to master the ultimate business skill /cAlice Muir. aHarlow :bPearson Education,c2014. axvi, 172 p. :bill. ;c23 cm. aIncludes index. 0aSelf-confidence. 0aInterpersonal communication. 0aInterpersonal relations. 0aWorkxPsychological aspects. 0aSuccess in business. aElectronic books.0 aSafari books online.0 tSafari books online.20230123122141.0 cNUST